Harvard journal of law & public policy

Detalles Bibliográficos
Autor Corporativo: Harvard Society for Law and Public Policy
Formato: Desconocido
Lenguaje:inglés
Publicado: Cambridge, Mass., : Harvard Society for Law and Public Policy
Materias:
Acceso en línea:Acceso restringido

MARC

LEADER 00000ny a22000003n 4500
003 EbpS
005 2011051109019.0
006 m d ||||||
007 cr anunnnuuuaa
008 060206s us 000 eng d
022 0 |a 0193-4872 
035 |a 2975 
040 |d vLex 
050 0 0 |a K8  |b .A683 
050 0 0 |a K8  |b .A683 
090 |c 1666  |d 1666 
245 0 0 |a Harvard journal of law & public policy  |h [Recurso electrn̤ico] 
246 3 |a Law and public policy 
246 3 |a Harvard journal of law and public policy 
256 |a Servicio en ln̕ea 
260 |a Cambridge, Mass., :  |b Harvard Society for Law and Public Policy 
310 |a Trimestral 
506 1 |a Contenido solo disponible en los productos indicados  |d vLex Global  |d vLex Global (Academic Edition, excluding Law Schools)  |d vLex Global (Academic Edition, Law Schools) 
650 0 4 |a Derecho  |z Estados Unidos 
650 0 4 |a Planificacin̤  |x Polt̕ica  |x Publicaciones perid̤icas 
650 0 4 |a Political science 
650 0 4 |a Law 
710 2 |a Harvard Society for Law and Public Policy 
740 |a vLex Revista (Servicios en ln̕ea) 
843 |a Electrn̤ica. Abierta 
853 |8 1  |i (year)  |j (month)  |k (day) 
856 4 0 |u http://vlex.com/source/2975  |z Acceso restringido 
942 |c REV 
999 |a Academic Journal 
999 |a Law  |z Massachusetts  |v Periodicals 
999 |a Public policy (Law)  |z United States  |v Periodicals